000
00323nam a22001457a 4500
003
OSt
005
20220204153647.0
008
220204b |||||||| |||| 00| 0 eng d
020
_a
8121901324
040
_c
H U
082
_a
621.8
100
_a
Khurmi R. S.
_9
11734
245
_a
Theory Of Machines
942
_2
ddc
_c
BOOKS
_n
0
999
_c
29334
_d
29334